<?xml version="1.0" encoding="UTF-8"?>
<collection xmlns:xsi="http://www.w3.org/2001/XMLSchema-instance" xsi:schemaLocation="http://www.loc.gov/MARC21/slim http://www.loc.gov/standards/marcxml/schema/MARC21slim.xsd" xmlns="http://www.loc.gov/MARC21/slim">
 <record>
  <leader>00000ctm a22000003a 4500</leader>
  <controlfield tag="001">UP-1685594773861876856</controlfield>
  <controlfield tag="003">Buklod</controlfield>
  <controlfield tag="005">20120623104923.0</controlfield>
  <controlfield tag="006">g||| |     ||   ||</controlfield>
  <controlfield tag="007">ta</controlfield>
  <controlfield tag="008">200520s2011    xx a    rbm  |||| u|eng d</controlfield>
  <datafield tag="035" ind1=" " ind2=" ">
   <subfield code="a">(iLib)UPBAG-00009386974</subfield>
  </datafield>
  <datafield tag="040" ind1=" " ind2=" ">
   <subfield code="a">BAG</subfield>
   <subfield code="e">rda</subfield>
  </datafield>
  <datafield tag="041" ind1="0" ind2=" ">
   <subfield code="a">eng</subfield>
  </datafield>
  <datafield tag="090" ind1=" " ind2="0">
   <subfield code="a">Thesis</subfield>
  </datafield>
  <datafield tag="100" ind1="1" ind2=" ">
   <subfield code="a">Abila, Rochelle G.</subfield>
   <subfield code="e">author.</subfield>
  </datafield>
  <datafield tag="245" ind1="1" ind2="4">
   <subfield code="a">The efficacy of Philippine native fishes as predators of mosquito larvae under laboratory conditions</subfield>
   <subfield code="c">Rochelle G. Abila, Emerlyn C. Daliong, Charis Vina E. Keith.</subfield>
  </datafield>
  <datafield tag="264" ind1=" " ind2="1">
   <subfield code="c">2012.</subfield>
  </datafield>
  <datafield tag="300" ind1=" " ind2=" ">
   <subfield code="a">ix, 53 leaves</subfield>
   <subfield code="b">color illustrations</subfield>
   <subfield code="c">29 cm +</subfield>
   <subfield code="e">1 computer optical disc(4 3/4 in.)</subfield>
  </datafield>
  <datafield tag="336" ind1=" " ind2=" ">
   <subfield code="a">text</subfield>
   <subfield code="2">rdacontent</subfield>
  </datafield>
  <datafield tag="337" ind1=" " ind2=" ">
   <subfield code="a">unmediated</subfield>
   <subfield code="2">rdamedia</subfield>
  </datafield>
  <datafield tag="338" ind1=" " ind2=" ">
   <subfield code="a">volume</subfield>
   <subfield code="2">rdacarrier</subfield>
  </datafield>
  <datafield tag="502" ind1=" " ind2=" ">
   <subfield code="a">Thesis (Bachelor of Science) -- University of the Philippines Baguio, 2012.</subfield>
  </datafield>
  <datafield tag="504" ind1=" " ind2=" ">
   <subfield code="a">Includes bibliographical references (leaves 41-44)</subfield>
  </datafield>
  <datafield tag="520" ind1=" " ind2=" ">
   <subfield code="a">Biological control methods are given much research focus for dengue vector control and for other mosquito-borne diseases as an alternative to chemical-based control due to the emerging threat of strong resistance to pesticides and harmful effects not only to the non-target population but to the environment as well. Larvivorous fish as a biological control agent have been used in mosquito control and many species were proven effective. Among these species are Gambusia affinis, Poecilia reculta, and Oreochromis species. However, these species are introduced species which are aggressive and ecologically invasive that imperil ecosystem balance and biodiversity. This paper studied the efficacy of Philippine native fishes which are Clarias macrocephalus(paltat) and Channa striate(bulig) as predators of mosquito larvae as an alternative to introduced species to eliminate negative impacts connected to their use. Their efficacy in varying temperatures was studied by introducing 10 mosquito larvae in each of the fish container, noting the number of larvae consumed with in 24 hrs. and comparing their consumption to G. affinis. Result showed that C. macrocephalus had the greatest average number of larvae consumed during the feeding experiment followed by the control species, Gambusia affinis and C.striata. Statistically, the date showed that C. macrocephalus is comparatively more efficient than C. striata and G. affinis. On the other hand C. striata and G. affinis had no significant difference in terms of their consumption. Hence, these species are more likely to have some larvae-eating capacity. Thus, the two native fish found capable of eating larvae and are comparable to the efficiency of established species, G. affinis -- Author's abstract.</subfield>
  </datafield>
  <datafield tag="650" ind1=" " ind2="0">
   <subfield code="a">Mosquitoes</subfield>
   <subfield code="x">Biological control</subfield>
   <subfield code="z">Philippines.</subfield>
  </datafield>
  <datafield tag="650" ind1=" " ind2="0">
   <subfield code="a">Mosquito</subfield>
   <subfield code="x">Control.</subfield>
  </datafield>
  <datafield tag="700" ind1="1" ind2=" ">
   <subfield code="a">Daliong, Emerlyn C.</subfield>
   <subfield code="e">author.</subfield>
  </datafield>
  <datafield tag="700" ind1="1" ind2=" ">
   <subfield code="a">Keith, Charis Vina E.</subfield>
   <subfield code="e">author.</subfield>
  </datafield>
  <datafield tag="905" ind1=" " ind2=" ">
   <subfield code="a">UP</subfield>
  </datafield>
  <datafield tag="852" ind1="0" ind2=" ">
   <subfield code="a">UPBAG</subfield>
   <subfield code="b">UPBAG-MAIN</subfield>
   <subfield code="h">Thesis</subfield>
  </datafield>
  <datafield tag="942" ind1=" " ind2=" ">
   <subfield code="a">Thesis</subfield>
  </datafield>
 </record>
</collection>
